The Bell Journal of Economics

Salvato in:
Dettagli Bibliografici
Natura: Periodico
Lingua:inglese
Pubblicazione: New York American Telephone and Telegrapf Co.
Soggetti:
Tags: Aggiungi Tag
Nessun Tag, puoi essere il primo ad aggiungerne!!

MARC

LEADER 00000nas1a22000001 4500
001 s120424
005 20250716140334.7
022 |a 0361-915X 
022 |a 2326-3032 
041 0 |a eng 
044 |a US 
245 1 0 |a The Bell Journal of Economics 
264 1 |a New York  |b American Telephone and Telegrapf Co. 
500 |a Od roku 1984 pod názvom: The Rand Journal of Economics 
610 2 0 |a ekonómia